000 01091cam a22002898i 4500
001 18145628
003 OSt
005 20230823114152.0
008 140509s2014 enk b 001 0 eng
010 _a 2014017816
020 _a9788126558728
040 _aDLC
_beng
_cDLC
_erda
042 _apcc
050 0 0 _aHG4027.5
_b.S465 2014
082 0 0 _a658.159
_bSHA/I
100 _aShapiro, Alan C
_91290
245 1 0 _aInternational financial management /
_cAlan C. Shapiro, Peter Moles.
263 _a1408
264 1 _aChichester, West Sussex, United Kingdom :
_bJohn Wiley and Sons, Inc.,
_c[2014]
300 _a716 pages
504 _aIncludes bibliographical references and index.
650 0 _aInternational business enterprises
_xFinance.
650 0 _aInternational finance.
700 1 _aMoles, Peter.
776 0 8 _iOnline version:
_aShapiro, Alan C.
_tInternational financial management
_dChichester, West Sussex, United Kingdom : John Wiley and Sons, Inc., [2014]
_z9781118953549
_w(DLC) 2014018860
942 _2ddc
_cBK
_h658.159
_iSHA/I
_k658.159
_mSHA/I
999 _c41963
_d41963